000 00633nam a2200241Ia 4500
003 OSt
005 20221007105731.0
006 a|||||r|||| 00| 0
007 ta
008 221006b |||||||| |||| 00| 0 eng d
024 _a19,396
037 _cTextual
040 _aLCO
_cLCO
_beng
041 _2eng
_aeng
082 _aZ2,193, M2
100 _aChaturvedi T.N.
245 0 _aPolice Administration
260 _aNew
_bDelhi Indian Institute of Public Administration India
_c1982
300 _a237
650 _aPOLICE
_9706808
942 _hZ2,193, M2
_cTEXL
999 _c1188959
_d1188959